| 000 | 00565cas a22001935a 4500 | ||
|---|---|---|---|
| 001 | L94335 | ||
| 008 | 070626c1922 xxumr p 0 a0eng | ||
| 022 | 1 | _a0017-8012 | |
| 035 | _a(Sirsi) u99581 | ||
| 041 | 0 | _aeng | |
| 245 | 0 | 0 | _aHarvard Business Review |
| 260 |
_aBoston _bHarvard University Press _c1922- |
||
| 520 | _aKept for five years | ||
| 651 | 4 |
_aUnited States _y1959- |
|
| 690 | _aMANAGEMENT-BUSINESS MANAGEMENT | ||
| 856 |
_uhttps://www.hbrweb.org _zLimited number of free articles available via hbrweb |
||
| 942 |
_n0 _2ddc |
||
| 948 | _c13/10/1998 | ||
| 999 |
_c118705 _d118705 |
||